000 00530nam a2200181Ia 4500
008 151018s9999 xx 000 0 und d
082 _bRBASDV33291
_a891.468
100 _aयु म पठाण
245 _aरेशीम बंध
250 _b1
260 _bशब्द प्रकाशन सातारा
_c2000
300 _a128
600 _aयु म पठाण
630 _aरेशीम बंध
700 _aयु म पठाण
730 _aरेशीम बंध
942 _cBOOK
999 _c1032806
_d1032803